000
00295nam a22001337a 4500
082
_a
494
_b
UNN/A
100
_a
UNNIKRISHNAN, K. G
245
_a
ALVIDHA VRINDHAVAN
250
_a
FIRST
260
_a
COCHIN
_b
AMAR KERALA INDUSTRIES
_c
2002
300
_a
105
650
_a
POETRY
_z
COCHIN
942
_c
BK
999
_c
4423
_d
4423